Statistiques concernant Villes les plus peuplées du monde commençant par L

Cliquez ici pour prendre le quiz!

Statistiques générales

  • Ce quiz a été pris 168 fois
  • Le résultat moyen est 8 sur 10

Statistiques - réponses

PaysVilles% Correct
PérouLima
97%
Royaume-UniLondres
96%
ÉgypteLe Caire
93%
États-UnisLos Angeles
88%
NigériaLagos
87%
AngolaLuanda
83%
Afrique du SudLe Cap
76%
ZambieLusaka
67%
PakistanLahore
59%
IndeLucknow
18%

Distribution des résultats

Percentile par nombre de réponses

% des personnes avec chaque résultat

Votre développement - résultats

Vous n’avez pas pris ce quiz